Oratio Pro Archia: Texte latin publié avec une introduction, des notes, un appendice critique, historique, littéraire et grammatical et des gravures d'après les monuments par émile Thomas

Saved in:
Bibliographic Details
Main Author: Cicerón
Other Authors: Thomas, émile Introducción, notas y anexo crítico, histórico, literario y gramatical con grabados varios, Professeur à l'Université de Lille.
Format: Unknown
Language:Spanish
Published: Paris Librairie Hachette s f
Edition:11a ed.
Textbook Catalogue:MANES:  Library Catalog Search Result
Textbook Classification:
Tags: Add Tag
No Tags, Be the first to tag this record!
Added to:2016-04-26

MARC

LEADER 000000000a22000000004500
001 36639
003 OSt
008 160427s sp ||||| |||| 00| 0 spa d
040 |a manes  |c manes 
100 1 |a Cicerón  |9 19937 
700 1 |a Thomas, émile  |b Introducción, notas y anexo crítico, histórico, literario y gramatical con grabados varios, Professeur à l'Université de Lille.  |9 19938 
245 0 0 |a Oratio Pro Archia: Texte latin publié avec une introduction, des notes, un appendice critique, historique, littéraire et grammatical et des gravures d'après les monuments par émile Thomas 
250 |a 11a ed. 
260 3 |a Paris  |b Librairie Hachette  |c s f 
300 |a 47 p.  |c 15x9,5 cm 
500 |a Signatura Topográfica: 1841-1 y 1841-2. 2 ejemplares.  
942 |2 ddc  |c BK 
546 |a España 
999 |c 41371  |d 41371 
999 |c manes:41371  |d 41371